| 000 | 00623cam a22002054a 4500 | ||
|---|---|---|---|
| 003 | OSt | ||
| 005 | 20260413171457.0 | ||
| 008 | 060327s2006 ii a b 001 0 eng | ||
| 020 | _a9780195673883 | ||
| 040 |
_cHDL _beng |
||
| 041 | _hEnglish | ||
| 082 | _a294.56309 P6 | ||
| 100 | 1 |
_aBeckerlegge, Gwilym. _91234780 |
|
| 245 | 1 | 0 |
_aSwami Vivekananda's legacy of service : _ba study of the Ramakrishna Math and Mission / _cGwilym Beckerlegge. |
| 260 |
_aNew Delhi : _bOxford University Press, _c2006. |
||
| 300 | _axiv, 292 p. | ||
| 610 | 2 | 0 |
_aRamakrishna Math. _91234781 |
| 942 |
_cTEXL _2CC _n0 |
||
| 999 |
_c1848264 _d1848264 |
||